Magyar miniszterek 2010-2024 - Statistics

General Stats
  • This quiz has been taken 74 times
  • The average score is 29 of 65
Answer Stats
Hint Answer % Correct
Miniszterelnök Orbán Viktor
100%
Miniszterelnök Orbán Viktor
100%
Miniszterelnök Orbán Viktor
100%
Miniszterelnök Orbán Viktor
100%
Külgazdasági és külügyminiszter Szijjártó Péter
83%
Külgazdasági és külügyminiszter Szijjártó Péter
83%
Külgazdasági és külügyminiszter Szijjártó Péter
83%
Agrárminiszter Nagy István
73%
Agrárminiszter Nagy István
73%
Gazdaságfejlesztési miniszter Nagy Márton
73%
Miniszterelnökséget vezető miniszter Lázár János
72%
Építési és közlekedési miniszter Lázár János
72%
Igazságügyi miniszter Varga Judit
72%
Igazságügyi miniszter Varga Judit
72%
Nemzetgazdasági miniszter Varga Mihály
72%
Egyes nemzetközi pénzügyi szervezetekkel való kapcsolattartásért felelős tárca nélküli miniszter Varga Mihály
72%
Nemzetgazdasági miniszter Varga Mihály
72%
Miniszterelnök-helyettes, Pénzügyminiszter Varga Mihály
72%
Pénzügyminiszter Varga Mihály
72%
Miniszterelnökséget vezető miniszter Gulyás Gergely
65%
Miniszterelnökséget vezető miniszter Gulyás Gergely
65%
Belügyminiszter Pintér Sándor
63%
Belügyminiszter Pintér Sándor
63%
Miniszterelnök-helyettes, Belügyminiszter Pintér Sándor
63%
Belügyminiszter Pintér Sándor
63%
Miniszterelnök-helyettes, nemzetpolitikáért felelős tárca nélküli miniszter Semjén Zsolt
60%
Miniszterelnök-helyettes, nemzetpolitikáért felelős tárca nélküli miniszter Semjén Zsolt
60%
Miniszterelnök-helyettes, nemzetpolitikáért, egyházügyekért és nemzetiségekért felelős tárca nélküli miniszter Semjén Zsolt
60%
Miniszterelnök-helyettes, nemzetpolitikáért, nemzetiségpolitikáért, egyházpolitikáért és egyházdiplomáciáért felelős tárca nélküli miniszter Semjén Zsolt
60%
Miniszterelnöki Kabinetiroda Rogán Antal
55%
Miniszterelnöki Kabinetirodát vezető miniszter Rogán Antal
55%
Miniszterelnöki Kabinetirodát vezető miniszter Rogán Antal
55%
Családokért felelős tárca nélküli miniszter Novák Katalin
42%
Honvédelmi miniszter Szalay-Bobrovniczky Kristóf
40%
Miniszterelnök-helyettes, közigazgatási és igazságügyi miniszter Navracsics Tibor
32%
Nemzeti fejlesztési miniszter Navracsics Tibor
32%
Külgazdasági és külügyminiszter Navracsics Tibor
32%
Területfejlesztésért felelős tárca nélküli miniszter Navracsics Tibor
32%
Nemzeti fejlesztési miniszter Németh Lászlóné
30%
Igazságügyi miniszter Tuzson Bence
27%
Emberi erőforrások minisztere Kásler Miklós
23%
Nemzetgazdasági miniszter Matolcsy György
23%
Emberi erőforrások minisztere Balog Zoltán
22%
Emberi erőforrások minisztere Balog Zoltán
22%
Európai uniós ügyekért felelős miniszter Bóka János
18%
Innovációs és technológiai miniszter Palkovics László
18%
Technológiai és ipari miniszter Palkovics László
18%
A Modern városok program lebonyolításáért felelős tárca nélküli miniszter Kósa Lajos
17%
Igazságügyi miniszter Trócsányi László
15%
Igazságügyi miniszter Trócsányi László
15%
Honvédelmi miniszter Hende Csaba
13%
Honvédelmi miniszter Hende Csaba
13%
Honvédelmi miniszter Benkő Tibor
10%
Energiaügyi miniszter Lantos Csaba
10%
Honvédelmi miniszter Simicskó István
10%
Külügyminiszter Martonyi János
8%
A paksi atomerőmű két új blokkjának tervezéséért, megépítéséért és üzembe helyezéséért felelős tárca nélküli miniszter Süli János
8%
A paksi atomerőmű bővítéséért felelős tárca nélküli miniszter Süli János
8%
A nemzeti vagyon kezeléséért felelős tárca nélküli miniszter Mager Andrea
3%
Nemzeti fejlesztési miniszter Fellegi Tamás
2%
Egyes nemzetközi pénzügyi szervezetekkel való kapcsolattartásért felelős tárca nélküli miniszter Fellegi Tamás
2%
Emberi erőforrások minisztere Réthelyi Miklós
2%
Vidékfejlesztési miniszter Fazekas Sándor
0%
Földművelésügyi miniszter Fazekas Sándor
0%
Nemzeti fejlesztési miniszter Seszták Miklós
0%
No matching quizzes found
Score Distribution
Percent of People with Each Score
Percentile by Number Answered
Your Score History
You have not taken this quiz